00538nam a2200145 a 450000100100000000500170001000800410002704000250006808200160009311000770010924501050018625000160029126000650030730000200037200003319320200930070105.0110822s1913 dr 000 0 spa d aDO-SdBNPbspacBNPHU axxxxbR426c1 aRepública Dominicana.bSecretaría de Estado de Relaciones Exteriores10aConvención de paquetes postales entre la República Dominicana y los Estados Unidos de América. aEd. Oficial aSanto Domingo :bImp. y Librería de J. R. García,c1913. a21 p. ;c24 cm.